008540000a2200265000450000100030000000300100000300500170001300800410003002000180007104000470008904100080013608200160014410000240016024500710018426400460025530000120030133600220031333700190033533800210035450500310037565300290040694200070043595201290044299900170057127CO-MdFUSB20160422153324.0160422t2003 sp abd|f |||| 00| 0 spa d a84-8169-600-5 aCO-MdFUSBbEspañolcCO-MdFUSBdCO-MdFUSB0 aspa04aR 220 P434b1 aPereda, Hernán J.13aBibliogramab: Historia del pueblo de Dios.c / Hernán J. Pereda aNavarra, España b: Verbo Divino,c2003 a62 Pag. 2rdacontenta1ba1 2rdamediaa2b5 2rdacarriera2b5 aHistoria el pueblo de Dios aBIBLIAaHISTORIA SAGRADA cBK 00103140708REFaFUSBCbFUSBCd2004-08-20l0oR 220 P434b p25690r2019-12-12 00:00:00t1w2016-01-26yREFB0C3IINV2023 c31583d31583